Advanced engineering mathematics (Record no. 63933)

000 -LEADER
fixed length control field 00430nam a22001697a 4500
003 - CONTROL NUMBER IDENTIFIER
control field NUST - PNEC
005 - DATE AND TIME OF LATEST TRANSACTION
control field 20170116180827.0
008 - FIXED-LENGTH DATA ELEMENTS--GENERAL INFORMATION
fixed length control field 150728b xxu||||| |||| 00| 0 eng d
020 ## - INTERNATIONAL STANDARD BOOK NUMBER
International Standard Book Number 9971470128
040 ## - CATALOGING SOURCE
Transcribing agency LIBRARY
082 ## - DEWEY DECIMAL CLASSIFICATION NUMBER
Classification number 510.2462 GRO
100 ## - MAIN ENTRY--PERSONAL NAME
9 (RLIN) 4455
Personal name Grossman, Stanley
245 ## - TITLE STATEMENT
Title Advanced engineering mathematics
Statement of responsibility, etc. Stanley grossman
260 ## - PUBLICATION, DISTRIBUTION, ETC.
Date of publication, distribution, etc. c1988.
650 ## - SUBJECT ADDED ENTRY--TOPICAL TERM
9 (RLIN) 4456
Topical term or geographic name entry element Mathmatics
General subdivision ME
942 ## - ADDED ENTRY ELEMENTS (KOHA)
Source of classification or shelving scheme
Koha item type Book
Holdings
Withdrawn status Lost status Source of classification or shelving scheme Damaged status Not for loan Permanent Location Current Location Shelving location Date acquired Total Checkouts Full call number Barcode Date last seen Price effective from Koha item type
          Pakistan Navy Engineering College (PNEC) Pakistan Navy Engineering College (PNEC)   07/28/2015   510.2462 GRO PNECLIB-013770 07/28/2015 07/28/2015 Book
© 2023 Central Library, National University of Sciences and Technology. All Rights Reserved.